| 000 | 00918nam a2200301 a 4500 | ||
|---|---|---|---|
| 001 | vtls000345178 | ||
| 003 | NLI | ||
| 005 | 20210602164153.0 | ||
| 008 | 110113s2008 ii a e 000 0 eng | ||
| 020 |
_a9788189975821 (pbk) _cRs.275.00 |
||
| 039 | 9 |
_y201101131936 _zVLOAD |
|
| 040 |
_aNLI : _beng _cNLMARC21 |
||
| 041 | 0 | _aeng | |
| 044 | _aii | ||
| 082 | 0 | 4 |
_a158.1280835 _222 |
| 245 | 0 | 0 |
_aChicken soup for the teen soul : _breal-life stories by real teens/ _c[edited by] Jack Canfield ... [et al.] |
| 260 |
_aChennai : _bWestland, _c2008 |
||
| 300 |
_axxi, 321 p. : _bill.; _c22 cm. |
||
| 650 | 0 |
_aShort stories, English _9788 |
|
| 700 | 1 |
_aCanfield, Jack, _d1944- _9298987 |
|
| 887 | _aS. Sannigrahi | ||
| 901 |
_aDB 107930 _b14.01.09 |
||
| 902 | _aE 158.1280835 C 432 | ||
| 904 | _aS. Sannigrahi | ||
| 949 |
_AVIRTUAITEM _D10000 _X100 _6DBA000107930ENG |
||
| 942 |
_2ddc _cBKS |
||
| 999 |
_aVIRTUA40 _c302000 _d302000 |
||